[Event "EOBCC 2020"]
[Site "Online"]
[Date "2020.12.18"]
[Round "11.94"]
[White "Marn, Jan"]
[Black "Rudzinska, Michalina"]
[Result "0-1"]
[WhiteElo "2346"]
[BlackElo "2189"]
[Annotator "NA"]
[PlyCount "60"]
[EventDate "2020.12.18"]
[EventType "tourn"]
[EventCountry "NET"]
[SourceTitle "playchess.com"]
[Source "ChessBase"]
[SourceQuality "1"]

1. d4 Nf6 2. c4 e6 3. Nc3 c5 4. d5 exd5 5. cxd5 d6 6. e4 g6 7. Be2 Bg7 8. Be3 O-O 9. Nf3 Re8 10. Nd2 Nbd7 11. O-O Ne5 12. h3 a6 13. a4 Qc7 14. f4 Ned7 15. Bf2 Rb8 16. Bg3 h6 17. e5 dxe5 18. f5 g5 19. Rc1 Nb6 20. Nde4 Nbd7 21. Kh1 b6 22. h4 Nxe4 23. Nxe4 Nf6 24. d6 Qd8 25. Nxf6+ Bxf6 26. hxg5 hxg5 27. Bc4 Kg7 28. Qh5 Rh8 29. Bxf7 Rxh5+ 30. Bxh5 Qh8 0-1

[Event "EOBCC 2020"]
[Site "Online"]
[Date "2020.12.18"]
[Round "11.95"]
[White "Hirneise, Jens"]
[Black "Grafl, Florian"]
[Result "0-1"]
[WhiteElo "2289"]
[BlackElo "2343"]
[Annotator "ChessBase"]
[PlyCount "106"]
[EventDate "2020.12.18"]
[EventType "tourn"]
[EventCountry "NET"]
[SourceTitle "playchess.com"]
[Source "ChessBase"]
[SourceQuality "1"]

1. e4 d5 2. exd5 Qxd5 3. Nc3 Qd6 4. d4 Nf6 5. Nf3 a6 6. Bc4 b5 7. Bb3 Bb7 8. O-O e6 9. Re1 Be7 10. Bg5 Nbd7 11. Bh4 c5 12. dxc5 Qxd1 13. Raxd1 Nxc5 14. Ne5 O-O 15. Bg3 Rfd8 16. Rxd8+ Rxd8 17. Rd1 Rxd1+ 18. Nxd1 a5 19. c3 Nxb3 20. axb3 Nh5 21. c4 b4 22. f3 Nxg3 23. hxg3 Bc5+ 24. Kf1 Bd4 25. Nd3 e5 26. Ke2 e4 27. Nf4 Kf8 28. Nd5 f5 29. fxe4 fxe4 30. Nf2 Bxb2 31. Nxe4 Be5 32. g4 Kf7 33. Kf3 Bc6 34. Ke3 a4 35. Nxb4 Bxe4 36. Kxe4 axb3 37. Kd3 Ke6 38. c5 Bd4 39. c6 b2 40. Kc2 Kd6 41. Nd3 Kxc6 42. Nf4 Kd6 43. g5 Be3 44. g6 h6 45. Nh5 Bd4 46. Ng3 Ke6 47. Ne2 Be5 48. Ng1 Kf5 49. Nf3 Bf6 50. Kb1 Kxg6 51. Nd2 Kf5 52. Kc2 Kg4 53. Kd3 Kg3 0-1

[Event "EOBCC 2020"]
[Site "Online"]
[Date "2020.12.18"]
[Round "11.96"]
[White "Dzida, Kamil"]
[Black "Mazi, Leon"]
[Result "0-1"]
[WhiteElo "2239"]
[BlackElo "2340"]
[Annotator "NA"]
[PlyCount "64"]
[EventDate "2020.12.18"]
[EventType "tourn"]
[EventCountry "NET"]
[SourceTitle "playchess.com"]
[Source "ChessBase"]
[SourceQuality "1"]

1. e4 c5 2. Nf3 d6 3. d4 cxd4 4. Nxd4 Nf6 5. Nc3 a6 6. Be3 Ng4 7. Bc1 Nf6 8. f3 e6 9. Be3 b5 10. Qd2 Bb7 11. g4 Nfd7 12. O-O-O Nb6 13. h4 N8d7 14. a3 Ne5 15. Kb1 Nbc4 16. Bxc4 Nxc4 17. Qf2 Qc7 18. Rd3 g6 19. f4 Bg7 20. h5 O-O-O 21. h6 Bf6 22. g5 Be7 23. Ncxb5 axb5 24. Nxb5 Qa5 25. Rb3 Bxe4 26. Bd4 Bxh1 27. Bxh8 Kd7 28. Bc3 Qa6 29. Qd4 Bd5 30. Rb4 Rc8 31. a4 Na5 32. Na3 Qf1+ 0-1

[Event "EOBCC 2020"]
[Site "Online"]
[Date "2020.12.18"]
[Round "11.97"]
[White "Gurvich, Vitaly"]
[Black "Colbow, Collin"]
[Result "1/2-1/2"]
[WhiteElo "2230"]
[BlackElo "2339"]
[Annotator "NA"]
[PlyCount "78"]
[EventDate "2020.12.18"]
[EventType "tourn"]
[EventCountry "NET"]
[SourceTitle "playchess.com"]
[Source "ChessBase"]
[SourceQuality "1"]

1. f4 e5 2. fxe5 d6 3. e4 Qh4+ 4. Ke2 Qxe4+ 5. Kf2 dxe5 6. Qe2 Bc5+ 7. Ke1 Qxc2 8. Nc3 Nc6 9. Qc4 Bxg1 10. Rxg1 Bf5 11. g4 Bg6 12. Be2 Nge7 13. Rg3 O-O-O 14. Bd1 Rd4 15. Qf1 Nb4 16. Bxc2 Nxc2+ 17. Kd1 Nxa1 18. Qb5 Rhd8 19. Qxe5 Nc6 20. Qxg7 Nc2 21. Ke2 N2b4 22. Kf2 Nd3+ 23. Rxd3 Rxd3 24. Qf6 Nd4 25. Qe5 Rf3+ 26. Kg2 f6 27. Qe7 Re8 28. Qc5 Rd3 29. Kf2 b6 30. Qc4 c5 31. b4 Rf3+ 32. Kg2 Be4 33. Nxe4 Rxe4 34. Qg8+ Kd7 35. bxc5 Re2+ 36. Kg1 Re1+ 37. Kg2 Re2+ 38. Kg1 Re1+ 39. Kg2 Re2+ 1/2-1/2

[Event "EOBCC 2020"]
[Site "Online"]
[Date "2020.12.18"]
[Round "11.98"]
[White "Szczurek, Krzysztof"]
[Black "Marjanovic, Annamaria"]
[Result "1/2-1/2"]
[WhiteElo "2031"]
[BlackElo "2338"]
[Annotator "NA"]
[PlyCount "76"]
[EventDate "2020.12.18"]
[EventType "tourn"]
[EventCountry "NET"]
[SourceTitle "playchess.com"]
[Source "ChessBase"]
[SourceQuality "1"]

1. e4 e6 2. c4 d5 3. cxd5 exd5 4. exd5 Nf6 5. Nc3 Nxd5 6. d4 Be7 7. Nf3 O-O 8. Be2 c6 9. O-O Be6 10. a3 Nd7 11. Qc2 h6 12. Ne4 Re8 13. Nc5 Nxc5 14. dxc5 Bf6 15. Bd2 Bg4 16. Rfe1 Qd7 17. Rad1 Bf5 18. Qb3 Qc7 19. Bc4 Rxe1+ 20. Rxe1 Be6 21. h3 Rd8 22. Qc2 Qd7 23. b4 Nc7 24. Bf4 Bxc4 25. Qxc4 Nd5 26. Bd6 Re8 27. Rxe8+ Qxe8 28. Qc2 Qe6 29. Qd3 Nc3 30. Kh2 Qa2 31. Be5 Bxe5+ 32. Nxe5 Nd5 33. Qf5 Nf6 34. Qc8+ Kh7 35. Qf5+ Kh8 36. Qc8+ Kh7 37. Qf5+ Kg8 38. Qc8+ Kh7 1/2-1/2

[Event "EOBCC 2020"]
[Site "Online"]
[Date "2020.12.18"]
[Round "11.103"]
[White "Maly, Alexey"]
[Black "Chyzy, Jakub"]
[Result "1-0"]
[WhiteElo "2371"]
[BlackElo "2250"]
[Annotator "NA"]
[PlyCount "91"]
[EventDate "2020.12.18"]
[EventType "tourn"]
[EventCountry "NET"]
[SourceTitle "playchess.com"]
[Source "ChessBase"]
[SourceQuality "1"]

1. d4 Nf6 2. c4 e6 3. Nf3 d5 4. e3 Be7 5. Nbd2 O-O 6. Bd3 c6 7. O-O Nbd7 8. e4 dxe4 9. Nxe4 Nxe4 10. Bxe4 Nf6 11. Bc2 c5 12. b3 cxd4 13. Nxd4 Bd7 14. Bb2 Qc7 15. Qf3 Rad8 16. Rad1 a6 17. Qh3 h6 18. Qh4 b5 19. cxb5 axb5 20. Bb1 b4 21. Rd3 Nd5 22. Qg4 f5 23. Nxf5 Bg5 24. Nxg7 Nf4 25. Rxd7 Qxd7 26. h4 e5 27. Nf5 Qd2 28. Nxh6+ Kh8 29. Bxe5+ Bf6 30. Qf5 Ne2+ 31. Kh1 Qxh6 32. g3 Rde8 33. Bd6 Rf7 34. Bxb4 Rg7 35. Kg2 Reg8 36. Bd6 Nc3 37. Bd3 Re7 38. Bxe7 Bxe7 39. Re1 Bf6 40. Re6 Kg7 41. Qg4+ Kh8 42. Qf5 Rf8 43. Rc6 Nd1 44. Rc7 Bd4 45. Rh7+ Kg8 46. Qd5+ 1-0

[Event "EOBCC 2020"]
[Site "Online"]
[Date "2020.12.18"]
[Round "11.104"]
[White "Koksal, Ege"]
[Black "Goraj, Barbara"]
[Result "1-0"]
[WhiteElo "2353"]
[BlackElo "2078"]
[Annotator "NA"]
[PlyCount "99"]
[EventDate "2020.12.18"]
[EventType "tourn"]
[EventCountry "NET"]
[SourceTitle "playchess.com"]
[Source "ChessBase"]
[SourceQuality "1"]

1. d4 Nf6 2. c4 g6 3. Nc3 Bg7 4. e4 d6 5. Nf3 O-O 6. Be2 Nbd7 7. O-O e5 8. Be3 Qe7 9. Qc2 Re8 10. dxe5 dxe5 11. Nd5 Qd8 12. Rad1 c6 13. Nxf6+ Qxf6 14. c5 h6 15. Nd2 Bf8 16. b4 a5 17. a3 axb4 18. axb4 Nb8 19. Nc4 Na6 20. Qc3 Nc7 21. Nd6 Rd8 22. f4 Be6 23. fxe5 Qh4 24. Bc4 Bg7 25. Bxe6 fxe6 26. Bd4 Rf8 27. Qc4 Kh7 28. Qe2 Qg5 29. Nc4 Nb5 30. Rxf8 Rxf8 31. Nd6 Nxd4 32. Rxd4 Bxe5 33. Rd1 Qh4 34. g3 Qg5 35. Rf1 Bd4+ 36. Kg2 Rxf1 37. Qxf1 Qd2+ 38. Kh3 Bg7 39. Qf7 Qg5 40. Qf3 h5 41. Nxb7 Qe7 42. Nd6 Qd7 43. Qf7 Qd8 44. Ne8 Qd4 45. Qxg7+ Qxg7 46. Nxg7 Kxg7 47. e5 Kf7 48. g4 hxg4+ 49. Kxg4 Ke7 50. Kg5 1-0

[Event "EOBCC 2020"]
[Site "Online"]
[Date "2020.12.18"]
[Round "11.105"]
[White "Dworakowska, Joanna"]
[Black "Zabrzanska, Weronika"]
[Result "0-1"]
[WhiteElo "2322"]
[BlackElo "1849"]
[Annotator "NA"]
[PlyCount "102"]
[EventDate "2020.12.18"]
[EventType "tourn"]
[EventCountry "NET"]
[SourceTitle "playchess.com"]
[Source "ChessBase"]
[SourceQuality "1"]

1. e4 e5 2. Nf3 Nc6 3. d4 exd4 4. Nxd4 Bc5 5. Be3 Qf6 6. c3 Nge7 7. g3 Bb6 8. Bg2 O-O 9. O-O Rd8 10. Nxc6 bxc6 11. Bd4 Bxd4 12. cxd4 d5 13. e5 Qf5 14. Qc1 f6 15. Re1 fxe5 16. Rxe5 Qf6 17. Qe1 Ng6 18. Re8+ Kf7 19. Rxd8 Qxd8 20. Nd2 Rb8 21. Nb3 Bf5 22. Rc1 Qf6 23. Qa5 Rc8 24. Qxa7 h5 25. Qb7 Ne7 26. a4 h4 27. a5 hxg3 28. hxg3 Qh6 29. Rc3 Rh8 30. Qxc7 Be4 31. Bxe4 dxe4 32. Qf4+ Qxf4 33. gxf4 Ra8 34. Kf1 Rb8 35. Ke2 Nd5 36. Rg3 Nxf4+ 37. Ke3 Ng2+ 38. Kxe4 Nh4 39. a6 Re8+ 40. Kd3 Ra8 41. Nc5 Nf5 42. Rf3 Kg6 43. Kc4 Rd8 44. Rd3 Nd6+ 45. Kb4 Rb8+ 46. Kc3 Nb5+ 47. Kc2 Ra8 48. b4 Nc7 49. Ra3 Nd5 50. Kb3 Kf5 51. a7 Kf6 0-1

[Event "EOBCC 2020"]
[Site "Online"]
[Date "2020.12.18"]
[Round "11.106"]
[White "Beydullayeva, Govhar"]
[Black "Lukasiewicz, Krzysztof"]
[Result "1-0"]
[WhiteElo "2263"]
[BlackElo "2359"]
[Annotator "NA"]
[PlyCount "49"]
[EventDate "2020.12.18"]
[EventType "tourn"]
[EventCountry "NET"]
[SourceTitle "playchess.com"]
[Source "ChessBase"]
[SourceQuality "1"]

1. Nf3 d5 2. g3 Bg4 3. Bg2 c6 4. O-O Nd7 5. d4 e6 6. c4 Bd6 7. cxd5 exd5 8. h3 Bh5 9. Nh4 Ngf6 10. Nf5 Bf8 11. Nc3 Bg6 12. Nh4 Bd6 13. Bg5 Qb6 14. Nxg6 hxg6 15. Qd2 O-O-O 16. Rfc1 Kb8 17. a4 Rde8 18. a5 Qa6 19. e4 c5 20. e5 cxd4 21. exf6 dxc3 22. Rxc3 gxf6 23. Bf1 fxg5 24. Bxa6 bxa6 25. Qxd5 1-0

[Event "EOBCC 2020"]
[Site "Online"]
[Date "2020.12.18"]
[Round "11.107"]
[White "Czernek, Tymon"]
[Black "Radeva, Viktoria"]
[Result "1-0"]
[WhiteElo "2359"]
[BlackElo "2274"]
[Annotator "NA"]
[PlyCount "101"]
[EventDate "2020.12.18"]
[EventType "tourn"]
[EventCountry "NET"]
[SourceTitle "playchess.com"]
[Source "ChessBase"]
[SourceQuality "1"]

1. e4 c5 2. Nf3 e6 3. d4 cxd4 4. Nxd4 a6 5. Nc3 Qc7 6. Be2 b5 7. a3 Bb7 8. O-O Nc6 9. Be3 Nf6 10. f3 Be7 11. Re1 O-O 12. Qd2 Rac8 13. Rad1 Na5 14. Bf2 d6 15. Nb3 Nc4 16. Bxc4 Qxc4 17. Na5 Qc7 18. Nxb7 Qxb7 19. Qd3 Rfd8 20. Bh4 h6 21. a4 b4 22. Ne2 d5 23. e5 Ne8 24. Bxe7 Qxe7 25. f4 Qc5+ 26. Nd4 Qc4 27. Kf2 Qxd3 28. Rxd3 Rc4 29. Ke3 Nc7 30. b3 Rc5 31. Re2 a5 32. f5 Kf8 33. Rf2 Ke7 34. f6+ gxf6 35. Rxf6 Rg8 36. g3 Rg4 37. Kd2 Re4 38. h4 Rxe5 39. Rdf3 Re4 40. Rxf7+ Kd6 41. Ne2 e5 42. R3f6+ Ne6 43. Rxh6 Rc8 44. Rff6 Re8 45. Rhg6 d4 46. h5 Kd5 47. h6 Re3 48. Rxe6 Rxe6 49. Rxe6 Kxe6 50. h7 Rf3 51. h8=Q 1-0

[Event "EOBCC 2020"]
[Site "Online"]
[Date "2020.12.18"]
[Round "11.108"]
[White "Koelle, Tobias"]
[Black "Wikar, Martyna"]
[Result "1/2-1/2"]
[WhiteElo "2340"]
[BlackElo "2171"]
[Annotator "TA"]
[PlyCount "281"]
[EventDate "2020.12.18"]
[EventType "tourn"]
[EventCountry "NET"]
[SourceTitle "playchess.com"]
[Source "ChessBase"]
[SourceQuality "1"]

1. Nf3 c5 2. g3 Nf6 3. Bg2 Nc6 4. O-O d5 5. d4 e6 6. c4 dxc4 7. Qa4 Bd7 8. Qxc4 Qb6 9. dxc5 Qxc5 10. Na3 Qxc4 11. Nxc4 Bc5 12. Bf4 Nd5 13. Nd6+ Bxd6 14. Bxd6 f6 15. e4 Nb6 16. Rfd1 Rc8 17. Rac1 e5 18. b3 Kf7 19. h4 Be6 20. Ba3 Rhd8 21. Rxd8 Rxd8 22. Kf1 h6 23. Ke1 Nc8 24. Rd1 Rxd1+ 25. Kxd1 b6 26. Kd2 g5 27. hxg5 hxg5 28. Ne1 Nd4 29. Nf3 Nb5 30. Bb2 Ncd6 31. Ne1 Nc7 32. Nc2 Bd7 33. f3 Ne6 34. g4 Nf4 35. Bf1 Bc6 36. Ne3 Bb7 37. Nc4 Ke6 38. Nxd6 Kxd6 39. Ba3+ Kd7 40. Bb5+ Ke6 41. Ke3 a6 42. Bc4+ Kd7 43. Bf8 b5 44. Bf1 Ke6 45. a4 Bc6 46. a5 Kf7 47. Bc5 Ne6 48. Bb6 Nf4 49. Kd2 Ke6 50. Kc3 Kd7 51. Kb4 Bb7 52. Bf2 Kd6 53. Ba7 Kc6 54. Kc3 Ne6 55. Be2 Kd7 56. Bd1 Bc6 57. Bc2 Bb7 58. Kb4 Kd6 59. Bb6 Kc6 60. Bd3 Bc8 61. Kc3 Bb7 62. Bb1 Bc8 63. Kd3 Nf4+ 64. Ke3 Kd7 65. Ba2 Ke8 66. Kd2 Be6 67. Kc3 Kd7 68. Bb1 Bf7 69. Be3 Ne6 70. Kd3 Kc6 71. Kd2 Nc5 72. b4 Nd7 73. Kc3 Kd6 74. Bd3 Kc6 75. Ba7 Kd6 76. Kd2 Kc6 77. Be3 Kd6 78. Kc2 Kc6 79. Kc3 Kd6 80. Be2 Kc6 81. Ba7 Kc7 82. Bd1 Kc6 83. Bc2 Be6 84. Bb1 Bc4 85. Kd2 Bb3 86. Ke3 Bc4 87. Bc2 Be6 88. Bd3 Bf7 89. Kd2 Be6 90. Kc3 Bf7 91. Be2 Be6 92. Be3 Bf7 93. Bd1 Be6 94. Bf2 Bc4 95. Kd2 Be6 96. Be2 Bf7 97. Ke3 Kc7 98. Bd1 Kc6 99. Kd2 Kc7 100. Kc2 Kc6 101. Kc3 Be6 102. Be3 Bc4 103. Kd2 Be6 104. Bc2 Bf7 105. Ke1 Be6 106. Kf2 Bc4 107. Ba7 Kd6 108. Kg3 Ke6 109. Kg2 Nf8 110. Bb6 Ng6 111. Bd8 Nf4+ 112. Kg3 Ne2+ 113. Kf2 Nd4 114. Bd1 Nc6 115. Bb6 Nxb4 116. Ke3 Nc6 117. Kd2 b4 118. Ba4 Ne7 119. Bc5 b3 120. Ba3 Nc8 121. Bc6 Nd6 122. Bb2 Nb5 123. Bb7 Kd6 124. Bxa6 Kc5 125. Bc8 Nd4 126. Ke3 Kb5 127. a6 Kb6 128. Bd7 Bxa6 129. Ba4 Bc4 130. Bxd4+ exd4+ 131. Kxd4 Ka5 132. Bxb3 Bxb3 133. e5 fxe5+ 134. Kxe5 Bd1 135. Ke4 Kb5 136. Kd4 Kc6 137. Ke5 Bxf3 138. Kf5 Bxg4+ 139. Kf6 Kd5 140. Kg6 Ke4 141. Kxg5 1/2-1/2

[Event "EOBCC 2020"]
[Site "Online"]
[Date "2020.12.18"]
[Round "11.109"]
[White "Vitenberg, Noam Aviv"]
[Black "Starosta, Martyna"]
[Result "1-0"]
[WhiteElo "2320"]
[BlackElo "2094"]
[Annotator "NA"]
[PlyCount "73"]
[EventDate "2020.12.18"]
[EventType "tourn"]
[EventCountry "NET"]
[SourceTitle "playchess.com"]
[Source "ChessBase"]
[SourceQuality "1"]

1. Nf3 Nf6 2. c4 g6 3. Nc3 Bg7 4. e4 d6 5. d4 O-O 6. Be2 e5 7. Be3 Nc6 8. d5 Ne7 9. Nd2 Nd7 10. b4 a5 11. a3 f5 12. f3 f4 13. Bf2 Rf7 14. c5 Bf8 15. Nc4 axb4 16. axb4 Rxa1 17. Qxa1 Nf6 18. cxd6 cxd6 19. Nb5 Ne8 20. Qa5 Qxa5 21. bxa5 Bd7 22. Nbxd6 Nxd6 23. Nxd6 Rf6 24. Nxb7 Nc8 25. O-O Nd6 26. a6 Nb5 27. a7 Nxa7 28. Bxa7 Rf7 29. Bc5 Ba4 30. Bxf8 Kxf8 31. Nc5 Be8 32. Ne6+ Ke7 33. Ra1 Bd7 34. Ra7 Kd6 35. Ra6+ Ke7 36. Nc5 Rf8 37. d6+ 1-0

[Event "EOBCC 2020"]
[Site "Online"]
[Date "2020.12.18"]
[Round "11.110"]
[White "Brozyna, Mateusz"]
[Black "Hertlein, Irena"]
[Result "1-0"]
[WhiteElo "2312"]
[BlackElo "1893"]
[Annotator "NA"]
[PlyCount "45"]
[EventDate "2020.12.18"]
[EventType "tourn"]
[EventCountry "NET"]
[SourceTitle "playchess.com"]
[Source "ChessBase"]
[SourceQuality "1"]

1. Nf3 d5 2. g3 e6 3. Bg2 c5 4. O-O Nc6 5. d4 Nf6 6. c4 Be7 7. dxc5 Bxc5 8. cxd5 exd5 9. Bg5 Be7 10. Nc3 Be6 11. Nd4 O-O 12. Nxe6 fxe6 13. e4 d4 14. Ne2 e5 15. Qb3+ Kh8 16. Qxb7 Nb4 17. Qb5 Rb8 18. Qxe5 d3 19. Nf4 Nc6 20. Qc3 Qd7 21. Bh3 Qb7 22. Ne6 Nxe4 23. Qxg7# 1-0

[Event "EOBCC 2020"]
[Site "Online"]
[Date "2020.12.18"]
[Round "11.111"]
[White "Okhotnik, Vladimir"]
[Black "Mostbauer, Florian"]
[Result "0-1"]
[WhiteElo "2350"]
[BlackElo "2304"]
[Annotator "ChessBase"]
[PlyCount "128"]
[EventDate "2020.12.18"]
[EventType "tourn"]
[EventCountry "NET"]
[SourceTitle "playchess.com"]
[Source "ChessBase"]
[SourceQuality "1"]

1. e4 c6 2. d3 d5 3. Nd2 e5 4. Ngf3 Bd6 5. Qe2 Bg4 6. h3 Bxf3 7. Nxf3 Nd7 8. d4 dxe4 9. Nxe5 Nxe5 10. dxe5 Bxe5 11. Qxe4 Qe7 12. Bd3 Nf6 13. Qe2 O-O 14. O-O Rfe8 15. Qf3 Qc5 16. c3 Rad8 17. Be3 Qa5 18. Bc2 Nd5 19. Bg5 Bf6 20. Bc1 Ne7 21. a4 Ng6 22. Bb3 Qc7 23. Be3 b6 24. Rfd1 Ne5 25. Qe4 Nd3 26. Qf5 Nxb2 27. Rxd8 Rxd8 28. Bc2 Rd5 29. Qxh7+ Kf8 30. Re1 Re5 31. Re2 Qd7 32. f4 Re6 33. Kh2 Nc4 34. Bf5 Nxe3 35. Rxe3 Qd6 36. Rf3 Re2 37. Qh8+ Ke7 38. Qc8 g6 39. Bg4 Re4 40. Kg3 g5 41. Qf5 Rxf4 42. Rxf4 Qxf4+ 43. Qxf4 gxf4+ 44. Kxf4 Bxc3 45. Bf3 Kd6 46. g4 b5 47. axb5 cxb5 48. Be2 Kc5 49. Ke3 a5 50. Kd3 Bf6 51. Kc2 Bg5 52. Bd3 f6 53. Bf5 a4 54. Bd7 Kc4 55. Be8 Kb4 56. Bd7 Ka5 57. Kb2 b4 58. Be8 Bh4 59. Kc2 Bg3 60. Kb2 Be5+ 61. Kc2 b3+ 62. Kc1 Kb4 63. h4 a3 64. h5 a2 0-1

[Event "EOBCC 2020"]
[Site "Online"]
[Date "2020.12.18"]
[Round "11.112"]
[White "Sowinski, Pawel"]
[Black "Silich, Yahor"]
[Result "1-0"]
[WhiteElo "1767"]
[BlackElo "2330"]
[Annotator "NA"]
[PlyCount "45"]
[EventDate "2020.12.18"]
[EventType "tourn"]
[EventCountry "NET"]
[SourceTitle "playchess.com"]
[Source "ChessBase"]
[SourceQuality "1"]

1. e4 e5 2. Nf3 Nc6 3. Bc4 d6 4. O-O f5 5. d3 Qf6 6. Nc3 Nge7 7. exf5 Bxf5 8. Bg5 Qg6 9. Qd2 Qh5 10. Ne2 Bg4 11. Ng3 Bxf3 12. Nxh5 Bxh5 13. f4 O-O-O 14. Be6+ Kb8 15. fxe5 Nxe5 16. d4 N5c6 17. b4 h6 18. Be3 b6 19. a4 d5 20. a5 g5 21. axb6 axb6 22. Qc3 Na7 23. Rxa7 1-0

[Event "EOBCC 2020"]
[Site "Online"]
[Date "2020.12.18"]
[Round "11.113"]
[White "Tarasova, Viktoriya"]
[Black "Myrmus, Mateusz"]
[Result "1-0"]
[WhiteElo "2226"]
[BlackElo "1683"]
[Annotator "NA"]
[PlyCount "69"]
[EventDate "2020.12.18"]
[EventType "tourn"]
[EventCountry "NET"]
[SourceTitle "playchess.com"]
[Source "ChessBase"]
[SourceQuality "1"]

1. d4 Nf6 2. c4 g6 3. Nc3 d5 4. cxd5 Nxd5 5. g3 Bg7 6. Bg2 Nxc3 7. bxc3 O-O 8. e3 c5 9. Ne2 Nc6 10. O-O cxd4 11. cxd4 Bd7 12. Rb1 b6 13. d5 Na5 14. d6 Rc8 15. Ba3 exd6 16. Bxd6 Re8 17. Nf4 Nc4 18. Bb4 Bc6 19. Qxd8 Rexd8 20. Bxc6 Rxc6 21. Rfd1 Rdc8 22. Rd7 a5 23. Be1 Na3 24. Rbd1 Nc2 25. Nd5 Bf8 26. Bd2 a4 27. e4 Nd4 28. Be3 Nc2 29. Bxb6 Nb4 30. Be3 Rc2 31. Nf6+ Kg7 32. Bd4 Kh6 33. Rxf7 Rxa2 34. Rxh7+ Kg5 35. f4# 1-0

[Event "EOBCC 2020"]
[Site "Online"]
[Date "2020.12.18"]
[Round "11.114"]
[White "Klim, Filip"]
[Black "Parol, Pola"]
[Result "0-1"]
[WhiteElo "1897"]
[BlackElo "2069"]
[Annotator "NA"]
[PlyCount "46"]
[EventDate "2020.12.18"]
[EventType "tourn"]
[EventCountry "NET"]
[SourceTitle "playchess.com"]
[Source "ChessBase"]
[SourceQuality "1"]

1. e4 c5 2. Nf3 Nc6 3. d4 cxd4 4. Nxd4 g6 5. c4 Nf6 6. Nc3 d6 7. Be2 Nxd4 8. Qxd4 Bg7 9. Bg5 O-O 10. Qd2 Qa5 11. O-O Be6 12. Rac1 Rfc8 13. Nd5 Qxd2 14. Nxe7+ Kf8 15. Nxg6+ hxg6 16. Bxd2 Nxe4 17. Bf4 Be5 18. Bxe5 dxe5 19. Bf3 Nd2 20. Bxb7 Nxf1 21. Bxa8 Nd2 22. Bb7 Rb8 23. Rc2 Nxc4 0-1

[Event "EOBCC 2020"]
[Site "Online"]
[Date "2020.12.18"]
[Round "11.115"]
[White "Wolagiewicz, Kinga"]
[Black "Dylag, Emilia"]
[Result "0-1"]
[WhiteElo "1791"]
[BlackElo "2082"]
[Annotator "NA"]
[PlyCount "72"]
[EventDate "2020.12.18"]
[EventType "tourn"]
[EventCountry "NET"]
[SourceTitle "playchess.com"]
[Source "ChessBase"]
[SourceQuality "1"]

1. e4 c5 2. Nf3 d6 3. d4 cxd4 4. Nxd4 Nf6 5. Nc3 a6 6. Bd3 e5 7. Nb3 Be7 8. Be3 O-O 9. O-O b5 10. a3 Bb7 11. Kh1 Nbd7 12. Bd2 Rc8 13. f4 exf4 14. Bxf4 Ne5 15. Qe1 Nfd7 16. Rd1 Bh4 17. Qe2 Bf6 18. Nd4 Nc5 19. Nf5 Re8 20. Bxe5 Bxe5 21. Qg4 Kh8 22. Rf3 Qd7 23. Rh3 g6 24. Qh4 h5 25. Ne3 Bxc3 26. bxc3 Qe7 27. Qf4 Kg7 28. Qg3 Qe5 29. Nf5+ Kh7 30. Qg5 Bxe4 31. Qh6+ Kg8 32. Bxe4 Nxe4 33. Re1 Qxf5 34. Rf3 Nf2+ 35. Rxf2 Rxe1+ 36. Rf1 Rxf1# 0-1